000 00526nam a2200181Ia 4500
008 240729s9999 xx 000 0 und d
022 _a2490-4368
245 0 _aTunisian Journal of Plant Protection
260 _aTunisia
260 _bInstitution of the Agricultural Research and Higher Education
650 _a Botany
650 _a Plant culture | Science
650 _a Plant ecology
650 _aAgriculture
856 _uhttps://doaj.org/toc/fb980449f0fc4ddf84a959a4195cca4d
942 _2ddc
942 _cDOAJEJ
999 _c71320
_d71320
945 _a1
_bMadushi Gamage
_c1
_dMadushi Gamage